LEADER 01429nam a2200313 a 4500 001 000000144709 003 CaOOAMICUS 005 20150708132433.0 008 150708s1974 gw u000 u ger r 020 $a3-459-00978-0 (Chr. Kaiser) 020 $a3-7867-0480-5 (Matthias-Grünewald) 040 $aPUL$bita 245 00$aPraktische Theologie Heute /$cHrsg. von Ferdinand Klostermann, Rolf Zerfass ; unter Mitarbeit von Ludwig Bertsch ... [et al.]. 260 $aMünchen :$bChr. Kaiser,$c©1974$aMainz :$bGrünewald 300 $a703 p. ;$c23 cm 504 $aBibliografia in nota. 650 4$aTeologia$xStudi.$0(OLS)http://pul/subject/36481 700 1 $aZerfass, Rolf.$0(OLS)http://pul/name/21943 700 1 $aKlostermann, Ferdinand,$csac.,$d1907-1982.$0(OLS)http://pul/name/58718 700 1 $aBertsch, Ludwig.$0(OLS)http://pul/name/41364 850 $aPUL 852 $aPUL$W1$xDP1 Fondo S. Lanza$y121$m3 I 70$j167082$qFondi$B167666$CPULBib$Z2$F167666 $HLan1353 $82 941 1 $a1 996 $6020$a3-459-00978-0 (Chr. Kaiser)$9(OLS)http://pul/number/158239 996 $6020$a3-7867-0480-5 (Matthias-Grünewald)$9(OLS)http://pul/number/158240 996 $6245$aPraktische Theologie Heute$9(OLS)http://pul/title/183047 996 $6260$aMünchen :$bChr. Kaiser$9(OLS)http://pul/publisher/69920 996 $6260$aMainz :$bGrünewald$9(OLS)http://pul/publisher/72796 LEADER 01253nam a2200301 u 4500 001 000000025454 003 CaOOAMICUS 005 20070226111451.0 008 950912s1995 it u000 u eng u 020 $a8872103088 035 $a10655233 040 $aIPA$bita 041 0 $aeng$afre$ager$agrc$aita$alat 245 04$aThe Council in Trullo revisited /$cedited by George Nedungatt, Michael Featherstone. 260 $aRoma :$bPontificio Istituto Orientale,$c1995. 300 $a466 p. ;$c24 cm 490 1 $aKanonika ;$v6 500 $aComprende indici. 611 24$aConcilium Trullanum$d(692).$0(OLS)http://pul/subject/15044 700 1 $aNedungatt, George,$cS.I,$d1932-$0(OLS)http://pul/name/30576 700 1 $aFeatherstone, Michael.$0(OLS)http://pul/name/21116 830 0$aKanonika ;$v6.$0(OLS)http://pul/title/21932 850 $aPUL 852 $aPUL$W1$xSL Diritto Canonico 3$y77$m262. 99 CAN.7 4.6$j35586$nBK-PRI$b $qDDC 21$B35586$CPULBib$Z2$F35586 $H76512 $82 941 1 $a9 996 $6020$a8872103088$9(OLS)http://pul/number/31717 996 $6245$aThe Council in Trullo revisited$9(OLS)http://pul/title/35063 996 $6260$aRoma :$bPontificio Istituto Orientale$9(OLS)http://pul/publisher/50733